[Event "Relampago R-023 corr"]
[Site "CXV corr"]
[Date "2001.01.12"]
[Round "?"]
[White "Martins, Claudiney"]
[Black "Muehlenbruch Guimaraes, Herley"]
[Result "1-0"]
[WhiteElo "1500"]
[BlackElo "1647"]
[PlyCount "49"]
[EventDate "2001.??.??"]
[EventType "tourn (corr)"]
[EventRounds "6"]
[EventCountry "BRA"]
[SourceTitle "Corr 2004"]
[Source "ChessBase"]
[SourceDate "2003.04.28"]
[SourceVersion "3"]
[SourceVersionDate "2003.04.28"]
[SourceQuality "1"]

1. e4 c6 2. d4 d5 3. Nc3 dxe4 4. Nxe4 Bf5 5. Ng3 Bg6 6. h4 h6 7. Nf3 Nd7 8. Bd3 Bxd3 9. Qxd3 Qc7 10. Bd2 e6 11. 0-0-0 Ngf6 12. Kb1 0-0-0 13. Ne4 c5 14. Nxf6 Nxf6 15. Qa3 Qb6 16. Ba5 Qa6 17. Bxd8 Qxa3 18. bxa3 Kxd8 19. dxc5+ Kc7 20. c6 bxc6 21. Ne5 Bxa3 22. Rh3 Rb8+ 23. Rb3 Rxb3+ 24. axb3 Ne4 25. Rd7+ 1-0

[Event "CXV theme II email"]
[Site "Brazil CXV"]
[Date "2000.10.24"]
[Round "?"]
[White "Neto Malvaso, Jose"]
[Black "Muehlenbruch Guimaraes, Herley"]
[Result "1/2-1/2"]
[WhiteElo "1632"]
[BlackElo "1678"]
[PlyCount "44"]
[EventDate "2000.??.??"]
[EventType "tourn (corr)"]
[EventRounds "6"]
[EventCountry "BRA"]
[SourceTitle "Corr 2004"]
[Source "ChessBase"]
[SourceDate "2003.04.28"]
[SourceVersion "3"]
[SourceVersionDate "2003.04.28"]
[SourceQuality "1"]

1. e4 c6 2. d4 d5 3. Nd2 dxe4 4. Nxe4 Nf6 5. Nxf6+ gxf6 6. c3 Qc7 7. Qh5 Be6 8. Ne2 Qd7 9. h3 Bc4 10. Bf4 Qd5 11. Qxd5 cxd5 12. Ng3 Bxf1 13. Rxf1 e6 14. Bxb8 Rxb8 15. Nh5 Ke7 16. Ke2 Rg8 17. g4 e5 18. dxe5 fxe5 19. f3 b5 20. Rad1 Rd8 21. Rd3 Ke6 22. Rfd1 Be7 1/2-1/2

[Event "CXV R - 015 email"]
[Site "Brazil CXV"]
[Date "2000.09.02"]
[Round "?"]
[White "Marcotulli, Giancarlo"]
[Black "Muehlenbruch Guimaraes, Herley"]
[Result "1-0"]
[WhiteElo "2165"]
[BlackElo "1654"]
[PlyCount "39"]
[EventDate "2000.??.??"]
[EventType "tourn (corr)"]
[EventRounds "6"]
[EventCountry "BRA"]
[SourceTitle "Corr 2004"]
[Source "ChessBase"]
[SourceDate "2003.04.28"]
[SourceVersion "3"]
[SourceVersionDate "2003.04.28"]
[SourceQuality "1"]

1. e4 e6 2. d4 d5 3. Nc3 Bb4 4. e5 c5 5. a3 Bxc3+ 6. bxc3 Ne7 7. Qg4 0-0 8. Bd3 f5 9. exf6 Rxf6 10. Bg5 e5 11. Qh4 e4 12. Bxf6 gxf6 13. Bf1 Nf5 14. Qg4+ Kh8 15. dxc5 Qa5 16. Ne2 Qxc5 17. Qh5 Qc6 18. c4 Qxc4 19. Qf7 Nd7 20. Rd1 1-0

[Event "CXV R - 011 email"]
[Site "Brazil CXV"]
[Date "2000.07.20"]
[Round "?"]
[White "Muehlenbruch Guimaraes, Herley"]
[Black "Neto Malvaso, Jose"]
[Result "1/2-1/2"]
[WhiteElo "1670"]
[BlackElo "1512"]
[PlyCount "60"]
[EventDate "2000.??.??"]
[EventType "tourn (corr)"]
[EventRounds "6"]
[EventCountry "BRA"]
[SourceTitle "Corr 2004"]
[Source "ChessBase"]
[SourceDate "2003.04.28"]
[SourceVersion "3"]
[SourceVersionDate "2003.04.28"]
[SourceQuality "1"]

1. e4 e5 2. Nf3 Nf6 3. Bc4 Bc5 4. c3 Nc6 5. d4 exd4 6. cxd4 Bb4+ 7. Nc3 Bxc3+ 8. bxc3 Nxe4 9. d5 Na5 10. Qd4 Nf6 11. 0-0 0-0 12. Re1 Nxc4 13. Qxc4 h6 14. Rb1 d6 15. h3 b6 16. Nd4 Bb7 17. Nc6 Bxc6 18. Qxc6 Qd7 19. Qxd7 Nxd7 20. Re7 Rad8 21. Bd2 Rfe8 22. Rbe1 Rxe7 23. Rxe7 Kf8 24. Re4 Ne5 25. f4 f5 26. Ra4 Nd3 27. Rxa7 Rd7 28. g3 Nc5 29. Be3 Ke7 30. Bd4 Kf7 1/2-1/2